书目信息 |
| 题名: |
衍射的本性和新光束激光
|
|
| 作者: | 王绍民 著 | |
| 分册: | ||
| 出版信息: | 杭州 杭州大学出版社 1997.03 |
|
| 页数: | 136页 | |
| 开本: | 32开 | |
| 丛书名: | ||
| 单 册: | ||
| 中图分类: | D436.1 | |
| 科图分类: | ||
| 主题词: | 青年运动 , 青年组织 , 学生运动 , 学生组织 | |
| 电子资源: | ||
| ISBN: | 7-81035-873-1 | |
| 000 | 00652nam0 2200229 45 | |
| 001 | 0010061719 | |
| 005 | 20001006171331.7 | |
| 010 | @a7-81035-873-1@d12.00元 | |
| 100 | @a20001006d1997 km y0chiy0120 ea | |
| 101 | 0 | @achi |
| 105 | @a z 000yy | |
| 200 | 1 | @a衍射的本性和新光束激光@AYan She De Ben Xing He Xin Guang Shu Ji Guang@f王绍民等著@FWang Shao Min Deng Zhu |
| 210 | @a杭州@c杭州大学出版社@d1997.03 | |
| 215 | @a136页@d32开 | |
| 606 | 0 | @a青年运动 |
| 606 | 0 | @a青年组织 |
| 606 | 0 | @a学生运动 |
| 606 | 0 | @a学生组织 |
| 690 | @aD436.1@v3 | |
| 701 | 0 | @a王绍民@4著 |
| 801 | @aCN@bPftUser@c20001006 | |
| 905 | @b168994-003@dD436.1@eW539@f10 | |
| 衍射的本性和新光束激光/王绍民等著.-杭州:杭州大学出版社,1997.03 |
| 136页;32开 |
| ISBN 7-81035-873-1:12.00元 |
| ● |
| 相关链接 |
|
|
|
正题名:衍射的本性和新光束激光
索取号:D436.1/W539
 
预约/预借
| 序号 | 登录号 | 条形码 | 馆藏地/架位号 | 状态 | 备注 |
| 1 | 168994 | 201689949 | 社科库509/509社科库 70排6列4层/ [索取号:D436.1/W539] | 在馆 | |
| 2 | 168995 | 201689958 | 社科库509/509社科库 70排6列4层/ [索取号:D436.1/W539] | 在馆 | |
| 3 | 168996 | 201689967 | 社科库509/509社科库 70排6列4层/ [索取号:D436.1/W539] | 在馆 | |
| 4 | 168997 | 201689976 | 社科库509/509社科库 70排6列4层/ [索取号:D436.1/W539] | 在馆 | |
| 5 | 168998 | 201689985 | 社科库509/509社科库 70排6列4层/ [索取号:D436.1/W539] | 在馆 | |
| 6 | 168999 | 201689994 | 社科库509/509社科库 70排6列4层/ [索取号:D436.1/W539] | 在馆 | |
| 7 | 169000 | 201690009 | 社科库509/509社科库 70排6列4层/ [索取号:D436.1/W539] | 在馆 | |
| 8 | 169001 | 201690018 | 社科库509/509社科库 70排6列4层/ [索取号:D436.1/W539] | 在馆 | |
| 9 | 169002 | 201690027 | 社科库509/509社科库 70排6列4层/ [索取号:D436.1/W539] | 在馆 | |
| 10 | 169003 | 201690036 | 社科库509/509社科库 70排6列4层/ [索取号:D436.1/W539] | 在馆 |